header

Financial instrument pricing using C++ (Record no. 105020)

MARC details
000 -LEADER
fixed length control field 01428nam a22003254a 4500
082 04 - DEWEY DECIMAL CLASSIFICATION NUMBER
Classification number 332.6/0285/5133
100 1# - MAIN ENTRY--AUTHOR NAME
Personal name Duffy, Daniel J.
245 10 - TITLE STATEMENT
Title Financial instrument pricing using C++
260 ## - PUBLICATION, DISTRIBUTION, ETC. (IMPRINT)
Place of publication Hoboken, NJ :
Name of publisher John Wiley,
Year of publication c2004.
300 ## - PHYSICAL DESCRIPTION
Number of Pages xiv, 418 p. :
Other physical details ill.
500 ## - GENERAL NOTE
General note Includes bibliographical references (p. [397]-399) and index.
505 0# - FORMATTED CONTENTS NOTE
Formatted contents note Template programming in C++ -- Building block classes -- Ordinary and stochastic differential equations -- Programming the black-scholes environment -- Design patterns -- Design and deployment issues.
650 #0 - SUBJECT ADDED ENTRY--TOPICAL TERM
Topical Term Investments
Topical Term Financial engineering.
Topical Term C++ (Computer program language)
856 40 - ELECTRONIC LOCATION AND ACCESS
Uniform Resource Identifier http://site.ebrary.com/lib/rucke/Doc?id=10113956

No items available.

© 2026 Rongo University
Contact us: librarian | system librarian | Rongo university